000 00276nam a2200109Ia 4500
001 587512
005 20250717113817.0
008 250717s9999 xx 000 0 und d
245 0 _aX-10 PARASINI YÖNETEN ÇOCUKLAR
_cÖZLEM YURT
260 _bBETA YAYINLARI
_c2020
300 _b56
999 _c587512
_d587512